Normale Ansicht
MARC-Ansicht
Eintrag Personenname
001 - Kontrollnummer
- Kontrollfeld: 22823
003 - Kontrollnummer Identifier
- Kontrollfeld: RU-10907106
005 - Datum und Zeit der letzten Transaktion
- Kontrollfeld: 20230418191820.0
008 - Datenelemente mit fester Länge
- Kontrollfeld mit fester Länge: 230418|| aca||aabn | a|a d
040 ## - Katalogisierungsquelle
- Original-Katalogisierungsstelle: RU-10907106
- Übertragungsstelle: RU-10907106
100 ## - Ansetzung - Personenname
- Personenname: Orth-Müller, Tina B
670 ## - Datenquelle
- Quellenangabe: Work cat.: (RU-10907106)62253: Hartmann, Florian VerfasserIn aut (DE-601)750469099 (DE-588)1036533719 22821, Codex Carolinus